000 00487nam a2200157 i 4500
001 61160
003 ES-MaACL
005 20230906164402.0
007 t|
008 031110s1971 sp ||||1| spa d
245 0 3 _aLa Eucaristía en la vida de la religiosa /
_cJ.M. Martín Patino...[et al.].
260 _aMadrid :
_bSecretariado Nacional de Liturgia,
_c[1971]
300 _a279 p. ;
_c22 cm.
700 1 _aMartín Patino, José María.
_977597
852 _aES-MaACL
_jC-44197
_bR.77845
999 _c61160
_d61160